Responses for Show #6341 - Monday, March 26, 2012

Contestants

[<< previous game]

Margie Cohen, a litigator from Houston, Texas

Mithun Kamath, a law student originally from New Orleans, Louisiana

Dennis Wright, a welder from Council Grove, Kansas (whose 1-day cash winnings total $25,200)

[next game >>]

Jeopardy! Round responses

ARCHITECTURAL TERMS
BODY PARTS BY PREFIX
WEDDING SONGS
A "NON" CATEGORY
IT'S 1985
LITTLE BROTHER IS WATCHING YOU
    $200 4
leaves

Dennis
    $200 22
the nose

Margie
    $200 21
"As Time Goes By"

Margie
    $200 9
nonfat milk

Mithun
    $200 1
Ronald Reagan

Mithun
    $200 14
John Wesley

Dennis
    $400 5
Mecca

Margie
    $400 23
the lung

Dennis
    $400 27
(Margie: What is "What's A Wonderful World"?)

"What A Wonderful World"

DennisMargie
    $400 10
noncommissioned

Dennis
    $400 2
Israel

Dennis
    $400 15
Shirley MacLaine

Dennis
    $600 6
the jamb

Dennis
    $600 24
the eye

Margie
    $600 28
"When A Man Loves A Woman"

Dennis
    $600 11
nonviolence

Margie
    $600 3
Coca-Cola

Margie
    $600 18
(the) Younger (Brothers)

Dennis
    $800 7
windows

Margie
    $800 25
the stomach

Margie
    $800 29
(Alex: From Fiddler on the Roof.)

"Sunrise, Sunset"

Dennis
    $800 12
non sequitur

Mithun
    $800 16
Calvin & Hobbes

Mithun
    $800 19
Cleopatra

Mithun
    $1000 8
joists

Triple Stumper
    $1000 26
(Margie: [Without being acknowledged] What's back?)
(Dennis: What is bone?)

the hand

DennisMargie
Triple Stumper
    $1000 30
Kool & The Gang

Dennis
    $1000 13
non-Euclidean

Margie
    $1000 17
Route 66

Dennis
    $1,200 20
(Alex: Prince William's younger brother.)

Prince Harry

Mithun

Scores at the first commercial break (after clue 15):

Dennis Mithun Margie
$2,200 $1,200 $3,400

Scores at the end of the Jeopardy! Round:

Dennis Mithun Margie
$6,000 $4,000 $3,800

Double Jeopardy! Round responses

NONFICTION
FAMOUS MENUS
AMBASSADORS
BHUTAN LINES
MOVIES BASED ON SHAKESPEARE
THERE'S A WORD FOR THAT
    $400 9
Martin Luther King

Dennis
    $400 6
duck

Dennis
    $400 17
embassy cables

Triple Stumper
    $400 1
Buddhism

Dennis
    $400 13
Romeo and Juliet

Margie
    $400 15
saints

Margie
    $800 10
Orange

Triple Stumper
    $800 7
beer

Margie
    $800 25
(Alex: Susan [*].)

Rice

Margie
    $800 2
a constitution

Dennis
    $1,000 14
(Alex: Margie?)
(Margie: What is King Lear?)
(Alex: No. It was Akira Kurosawa's film based on [*].)

Macbeth

Margie
    $2,000 16
(Alex: Margie?)
(Margie: [No response])

a flail

Margie
    $1200 11
oil

Margie
    $1200 8
the Brown Derby

Dennis
    $1200 26
the Philippines

Triple Stumper
    $1200 3
a wife

Margie
    $1200 23
The Tempest

Triple Stumper
    $1200 18
sabra

Margie
    $1600 12
Joan Didion

Triple Stumper
    $1600 20
the St. Francis Hotel

Triple Stumper
    $1600 27
Algiers

Triple Stumper
    $1600 4
currency

Triple Stumper
    $1600 19
a bell

Triple Stumper
    $2000 24
Delusion

Margie
    $2000 21
(Dennis: Who is Joe Louis?)
...
(Alex: We're talking about [*] in New York City, not Joe Louis in Detroit.)

Jack Dempsey

Dennis
Triple Stumper
    $2000 28
[The end-of-round signal sounds.]

Russian Ambassador to the United States

Dennis
    $2000 5
Himalayas

Margie
    $2000 22
pica

Margie

Scores at the end of the Double Jeopardy! Round:

Dennis Mithun Margie
$9,200 $4,000 $12,800

[wagering suggestions for these scores]

Final Jeopardy! Round responses

ISLANDS
MithunWhat is Indonesia?
$3,999
DennisWhat is Singapore
$9,200
MargieWhat is Hong Kong
$6,601
Manhattan

Final scores:

Dennis Mithun Margie
$0 $1 $6,199
3rd place: $1,000 2nd place: $2,000 New champion: $6,199

Game dynamics:

Coryat scores:

Dennis Mithun Margie
$9,200 $3,800 $15,800
19 R,
2 W
6 R
(including 1 DD),
0 W
19 R,
4 W
(including 2 DDs)

Combined Coryat: $28,800

[game clues] [game scores] [suggest correction]

Game tape date: 2011-12-07
The J! Archive is created by fans, for fans. Scraping, republication, monetization, and malicious use prohibited; this site may use cookies and collect identifying information. See terms. The Jeopardy! game show and all elements thereof, including but not limited to copyright and trademark thereto, are the property of Jeopardy Productions, Inc. and are protected under law. This website is not affiliated with, sponsored by, or operated by Jeopardy Productions, Inc. Join the discussion at JBoard.tv.